[Event "23. OSREDNJA SLOVENSKA LIGA 2022"]
[Site "gostovanja"]
[Date "2022.11.10"]
[Round "8.1"]
[White "Hafner, Branko"]
[Black "Jukan, Nesib"]
[Result "1/2-1/2"]
[WhiteElo "1449"]
[BlackElo "1972"]
[PlyCount "75"]
[EventDate "2022.11.10"]
[WhiteTeam "SD MENGES-TRZIN 2"]
[BlackTeam "SK TRZIN PEKOS PUB"]

1. e4 d5 2. e5 Bf5 3. f4 e6 4. Nf3 Be7 5. Bb5+ c6 6. Ba4 a5 7. c3 Bg4 8. O-O
Nh6 9. Bc2 d4 10. cxd4 Bxf3 11. Qxf3 Qxd4+ 12. Kh1 Na6 13. a3 Nc5 14. d3 Nf5
15. Nc3 Rd8 16. Ne2 Qd5 17. Qxd5 Rxd5 18. Rd1 Nd4 19. Nxd4 Rxd4 20. Be3 Rd7 21.
b4 axb4 22. axb4 Na6 23. Bc5 Nxb4 24. Bxb4 Bxb4 25. Ra8+ Rd8 26. Ra7 Rb8 27.
Rb1 c5 28. d4 b6 29. dxc5 bxc5 30. Ba4+ Kf8 31. Rc7 Rd8 32. g4 h5 33. g5 g6 34.
Bd7 Rg8 35. Ra1 Ke7 36. Bb5+ Kf8 37. Bd7 Ke7 38. Bb5+ 1/2-1/2

[Event "23. OSREDNJA SLOVENSKA LIGA 2022"]
[Site "gostovanja"]
[Date "2022.11.10"]
[Round "8.2"]
[White "Leben, Dusan"]
[Black "Posavec, Zvone"]
[Result "1-0"]
[WhiteElo "1831"]
[BlackElo "1298"]
[PlyCount "75"]
[EventDate "2022.11.10"]
[WhiteTeam "SK TRZIN PEKOS PUB"]
[BlackTeam "SD MENGES-TRZIN 2"]

1. Nf3 Nf6 2. c4 e6 3. d4 b6 4. Nc3 Bb4 5. Bg5 d6 6. Qa4+ c6 7. Qxb4 O-O 8. Ne4
c5 9. dxc5 bxc5 10. Qc3 Nxe4 11. Bxd8 Nxc3 12. Be7 Re8 13. Bxd6 Ne4 14. Bf4 Na6
15. a3 Rd8 16. Nd2 Bb7 17. f3 Nd6 18. e4 Ne8 19. Be2 f6 20. Nb3 e5 21. Be3 Rac8
22. Rd1 Rxd1+ 23. Kxd1 Ba8 24. Kc2 Kf7 25. Rd1 Nec7 26. Nxc5 Nxc5 27. Bxc5 Ne6
28. Be3 a5 29. b3 Bc6 30. Kc3 Be8 31. Rd5 a4 32. b4 Rd8 33. Rxd8 Nxd8 34. b5
Ke7 35. Kb4 Kd6 36. Kxa4 Kc7 37. Kb4 Kb7 38. a4 1-0

[Event "23. OSREDNJA SLOVENSKA LIGA 2022"]
[Site "gostovanja"]
[Date "2022.11.10"]
[Round "8.3"]
[White "Strajhar, Albin"]
[Black "Lanjscek, Miha"]
[Result "1/2-1/2"]
[WhiteElo "1815"]
[BlackElo "1805"]
[PlyCount "37"]
[EventDate "2022.11.10"]
[WhiteTeam "SD MENGES-TRZIN 2"]
[BlackTeam "SK TRZIN PEKOS PUB"]

1. e4 c5 2. Nf3 d6 3. d4 cxd4 4. Nxd4 Nf6 5. Nc3 a6 6. Be2 e5 7. Nb3 Be6 8. O-O
Be7 9. Be3 Nbd7 10. h3 O-O 11. Bd3 Rc8 12. Nd5 Bxd5 13. exd5 Nb6 14. Bxb6 Qxb6
15. Rb1 Qc7 16. Bf5 Rb8 17. Bd3 b5 18. Rc1 Nd7 19. c4 1/2-1/2

[Event "23. OSREDNJA SLOVENSKA LIGA 2022"]
[Site "gostovanja"]
[Date "2022.11.10"]
[Round "8.4"]
[White "Konvalinka, Kostja"]
[Black "Saradjen, Darja"]
[Result "1-0"]
[WhiteElo "1672"]
[BlackElo "1739"]
[PlyCount "71"]
[EventDate "2022.11.10"]
[WhiteTeam "SK TRZIN PEKOS PUB"]
[BlackTeam "SD MENGES-TRZIN 2"]

1. e4 e5 2. Nf3 d6 3. d4 exd4 4. Qxd4 Nc6 5. Bb5 Bd7 6. Bxc6 bxc6 7. Nc3 h6 8.
Bf4 Nf6 9. O-O Be7 10. e5 c5 11. Qd2 Nh5 12. exd6 cxd6 13. Bxd6 O-O 14. Bxe7
Qxe7 15. Rfe1 Be6 16. Qe3 Nf6 17. Ne4 Rac8 18. Nxf6+ Qxf6 19. Qe5 Qg6 20. c3
Rfe8 21. Qf4 Qc2 22. Qc1 Qg6 23. Qf4 Qc2 24. Qc1 Qa4 25. b3 Qg4 26. Ne5 Qf5 27.
Qb1 Qf6 28. Qe4 Bf5 29. Qf4 g5 30. Ng4 Rxe1+ 31. Rxe1 Qxc3 32. Nxh6+ Kf8 33.
Qd6+ Kg7 34. Nxf5+ Kh8 35. Qh6+ Kg8 36. Ne7# 1-0

[Event "23. OSREDNJA SLOVENSKA LIGA 2022"]
[Site "gostovanja"]
[Date "2022.11.17"]
[Round "9.1"]
[White "Butala, Marjan"]
[Black "Coklin, Marko"]
[Result "*"]
[WhiteElo "1877"]
[BlackElo "2159"]
[PlyCount "37"]
[EventDate "2022.11.17"]
[WhiteTeam "KPSRD KAREL JERAJ"]
[BlackTeam "SK TRZIN BUSCOTRADE"]

1. Nf3 Nf6 2. c4 c5 3. g3 Nc6 4. Bg2 d5 5. cxd5 Nxd5 6. Nc3 e6 7. d3 Be7 8. O-O
O-O 9. Bd2 b6 10. a3 Bb7 11. Rc1 Qd7 12. Qb3 Rfd8 13. Rfd1 Nc7 14. Bf4 Rac8 15.
Qa4 Nd5 16. Nxd5 exd5 17. b4 Qe6 18. bxc5 bxc5 19. e4 *

[Event "23. OSREDNJA SLOVENSKA LIGA 2022"]
[Site "gostovanja"]
[Date "2022.11.17"]
[Round "9.2"]
[White "Krumpak, Hinko"]
[Black "Mlacnik, Janez"]
[Result "1-0"]
[WhiteElo "2032"]
[BlackElo "1803"]
[PlyCount "91"]
[EventDate "2022.11.17"]
[WhiteTeam "SK TRZIN BUSCOTRADE"]
[BlackTeam "KPSRD KAREL JERAJ"]

1. c4 f5 2. g3 Nf6 3. Bg2 g6 4. d4 Bg7 5. Nc3 O-O 6. Nf3 d6 7. O-O Qe8 8. Qc2
e5 9. dxe5 dxe5 10. e4 c6 11. Bg5 h6 12. Be3 fxe4 13. Nd2 Bf5 14. Ndxe4 Nbd7
15. Nxf6+ Nxf6 16. Ne4 Nxe4 17. Bxe4 Qe6 18. Rfd1 b6 19. Rd2 Rad8 20. Rad1 Rxd2
21. Rxd2 Rf7 22. Rd8+ Kh7 23. Qd3 Bxe4 24. Qxe4 Rd7 25. Rxd7 Qxd7 26. Kg2 c5
27. g4 Bf6 28. Kg3 Qe7 29. h3 Bg5 30. Bxg5 hxg5 31. Kf3 Kg7 32. Ke3 Kf6 33. Qd5
Qc7 34. Ke4 Qe7 35. a3 a5 36. b3 Qc7 37. f3 Qe7 38. Qa8 Qd6 39. Qh8+ Ke6 40.
Qg8+ Kf6 41. Qd5 Qc7 42. a4 Qb8 43. Qc6+ Kg7 44. Qd7+ Kf6 45. Kd5 Qa8+ 46. Qc6+
1-0

[Event "23. OSREDNJA SLOVENSKA LIGA 2022"]
[Site "gostovanja"]
[Date "2022.11.17"]
[Round "9.3"]
[White "Kutin, Dusan"]
[Black "Krupenko, Peter"]
[Result "0-1"]
[WhiteElo "1776"]
[BlackElo "1928"]
[PlyCount "128"]
[EventDate "2022.11.17"]
[WhiteTeam "KPSRD KAREL JERAJ"]
[BlackTeam "SK TRZIN BUSCOTRADE"]

1. d4 d5 2. c4 c6 3. Nc3 Nf6 4. Nf3 e6 5. e3 Be7 6. Be2 O-O 7. O-O Nbd7 8. a3
dxc4 9. Bxc4 c5 10. b3 Nb6 11. Be2 cxd4 12. exd4 Nbd5 13. Nxd5 Nxd5 14. Bc4 b6
15. Ne5 Bb7 16. Qd3 Rc8 17. Qh3 Bf6 18. Be3 b5 19. Bxb5 Bxe5 20. dxe5 Nxe3 21.
fxe3 Rc2 22. Rf2 Rxf2 23. Kxf2 Qd5 24. Bc4 Qxe5 25. Rf1 Rd8 26. Qg3 Rd2+ 27.
Be2 Qxg3+ 28. hxg3 Ba6 29. Re1 Rb2 30. b4 Ra2 31. Kf3 Bb7+ 32. Kf2 Be4 33. Rd1
f5 34. Rd7 Rxa3 35. Bc4 Bd5 36. Bxd5 exd5 37. Rxd5 Ra4 38. b5 g6 39. Rd7 h5 40.
Kg1 Rb4 41. Rxa7 Rxb5 42. Kh2 Rb1 43. Re7 Kf8 44. Re6 Kf7 45. Re5 Kf6 46. Re8
Re1 47. g4 hxg4 48. Kg3 Kg5 49. Kf2 Ra1 50. Re6 Ra2+ 51. Kg3 Re2 52. Re5 Ra2
53. Re6 Rb2 54. Re8 Rc2 55. Re5 Rd2 56. Re8 Ra2 57. Re6 Ra3 58. Re5 Rb3 59. Kf2
Kh4 60. Re6 Rb2+ 61. Kf1 Kg3 62. Rxg6 Rf2+ 63. Ke1 Kxg2 64. e4 g3 0-1

[Event "23. OSREDNJA SLOVENSKA LIGA 2022"]
[Site "gostovanja"]
[Date "2022.11.17"]
[Round "9.4"]
[White "Borstnik, Ales"]
[Black "Vertacnik, Viktor"]
[Result "1-0"]
[WhiteElo "1797"]
[BlackElo "1600"]
[PlyCount "51"]
[EventDate "2022.11.17"]
[WhiteTeam "SK TRZIN BUSCOTRADE"]
[BlackTeam "KPSRD KAREL JERAJ"]

1. e4 e5 2. Nf3 Nc6 3. Bc4 Bc5 4. c3 Nf6 5. d3 d6 6. b4 Bb6 7. a4 a6 8. O-O O-O
9. Be3 Ne7 10. Bxb6 cxb6 11. h3 Bd7 12. Bb3 b5 13. Nbd2 bxa4 14. Bxa4 Bxa4 15.
Qxa4 b5 16. Qb3 a5 17. bxa5 Rxa5 18. d4 Nc6 19. d5 Ne7 20. Qb4 Rxa1 21. Rxa1
Qc7 22. Ra5 Rb8 23. Ra6 Rb6 24. Qa5 Rb7 25. Qxc7 Rxc7 26. Rxd6 1-0

[Event "23. OSREDNJA SLOVENSKA LIGA 2022"]
[Site "gostovanja"]
[Date "2022.11.17"]
[Round "9.1"]
[White "Leben, Dusan"]
[Black "Gantar, Jan"]
[Result "1/2-1/2"]
[WhiteElo "1831"]
[BlackElo "2196"]
[PlyCount "101"]
[EventDate "2022.11.17"]
[WhiteTeam "SK TRZIN PEKOS PUB"]
[BlackTeam "SK KOMENDA POPOTNIK"]

1. Nf3 Nf6 2. c4 c5 3. Nc3 g6 4. g3 b6 5. Bg2 Bb7 6. O-O Bg7 7. d3 O-O 8. e4 d6
9. Nd5 Nbd7 10. Rb1 e6 11. Nxf6+ Nxf6 12. b3 d5 13. exd5 exd5 14. Re1 dxc4 15.
dxc4 Be4 16. Rb2 Qxd1 17. Rxd1 Rad8 18. Rxd8 Rxd8 19. Rd2 Rxd2 20. Bxd2 Bb1 21.
a3 Ba2 22. b4 cxb4 23. axb4 Bxc4 24. Ne5 Bd5 25. Nc6 Bxc6 26. Bxc6 Kf8 27. Bf4
Ke7 28. Bg5 h6 29. Bxf6+ Bxf6 30. b5 Kd6 31. Bf3 Kc5 32. Be2 Kd4 33. Kg2 Be7
34. Kf3 Bc5 35. h4 Kc3 36. g4 f6 37. Kg3 Kd2 38. Bc4 g5 39. hxg5 hxg5 40. f3
Kc3 41. Be2 Kb4 42. Kg2 Ka5 43. Kf1 a6 44. bxa6 b5 45. Ke1 Kxa6 46. Kd1 Ka5 47.
Kc2 Kb4 48. Bd3 Bd4 49. Be4 Ka3 50. Bc6 b4 51. Bd5 1/2-1/2

[Event "23. OSREDNJA SLOVENSKA LIGA 2022"]
[Site "gostovanja"]
[Date "2022.11.17"]
[Round "9.2"]
[White "Lucovnik, Tilen"]
[Black "Lanjscek, Miha"]
[Result "1-0"]
[WhiteElo "2120"]
[BlackElo "1805"]
[PlyCount "141"]
[EventDate "2022.11.17"]
[WhiteTeam "SK KOMENDA POPOTNIK"]
[BlackTeam "SK TRZIN PEKOS PUB"]

1. Nf3 Nf6 2. g3 e6 3. Bg2 Be7 4. O-O O-O 5. Re1 d5 6. d3 c5 7. Nbd2 Nc6 8. e4
dxe4 9. dxe4 e5 10. c3 Qc7 11. Qc2 Bg4 12. Nc4 Nd7 13. Ne3 Be6 14. Nd5 Qd8 15.
Nd2 Nb6 16. Nf1 Bd6 17. Rd1 Bxd5 18. exd5 Ne7 19. c4 f5 20. Bg5 h6 21. Bxe7
Qxe7 22. Ne3 Qf6 23. Bh3 g6 24. Re1 h5 25. Rac1 h4 26. g4 f4 27. Nf1 f3 28. Nd2
g5 29. Re3 Kg7 30. Rxf3 Qe7 31. Bg2 Rf4 32. Rxf4 gxf4 33. Be4 f3 34. Bf5 Rf8
35. Qe4 Qg5 36. Rd1 Nc8 37. Nxf3 Qf6 38. Bxc8 Rxc8 39. Qf5 Qxf5 40. gxf5 Kf6
41. Nxh4 Rg8+ 42. Ng2 Kxf5 43. Kf1 e4 44. Ne3+ Kf4 45. Ke2 Rh8 46. Rg1 Rh7 47.
Rg6 Bb8 48. h4 Ke5 49. b3 Bc7 50. Re6+ Kf4 51. h5 Kg5 52. Rxe4 Kxh5 53. Rg4 Re7
54. Rg8 a5 55. Kd3 Rf7 56. Rg2 Re7 57. Nf5 Rf7 58. Ng7+ Kh6 59. Ne6 Be5 60. f4
Bd6 61. Ke4 b6 62. f5 Rb7 63. a4 Rf7 64. Rg6+ Kh5 65. Ng7+ Kh4 66. Rh6+ Kg5 67.
Rxd6 Rxg7 68. Rg6+ Rxg6 69. fxg6 Kxg6 70. Ke5 Kf7 71. d6 1-0

[Event "23. OSREDNJA SLOVENSKA LIGA 2022"]
[Site "gostovanja"]
[Date "2022.11.17"]
[Round "9.3"]
[White "Bajec, Borut"]
[Black "Zidar, Jernej"]
[Result "0-1"]
[WhiteElo "1732"]
[BlackElo "1665"]
[PlyCount "100"]
[EventDate "2022.11.17"]
[WhiteTeam "SK TRZIN PEKOS PUB"]
[BlackTeam "SK KOMENDA POPOTNIK"]

1. d4 d5 2. c4 c6 3. e3 Nf6 4. Nc3 e6 5. Nf3 Nbd7 6. Bd3 Be7 7. b3 b6 8. O-O
O-O 9. Qc2 Bb7 10. e4 dxe4 11. Nxe4 Nxe4 12. Bxe4 Nf6 13. Bb2 Qc7 14. Bd3 c5
15. Qe2 Rad8 16. Rad1 cxd4 17. Nxd4 Qf4 18. Bc1 Qxd4 19. Bxh7+ Nxh7 20. Rxd4
Rxd4 21. Bb2 Rd7 22. Rd1 Rfd8 23. Rxd7 Rxd7 24. h3 Bf6 25. Be5 a6 26. Qe3 b5
27. cxb5 axb5 28. Bxf6 Nxf6 29. Qb6 Rd1+ 30. Kh2 Bd5 31. Qxb5 Rd2 32. Qb6 Rxa2
33. b4 g6 34. b5 Ne4 35. f3 Nd2 36. Kg1 Ra1+ 37. Kf2 Nc4 38. Qb8+ Kg7 39. h4
Ra2+ 40. Kg3 Re2 41. Kh3 Ne3 42. Qe5+ Kh7 43. b6 Nxg2 44. Qf6 Kg8 45. Qd8+ Kg7
46. Qc7 e5 47. h5 Nf4+ 48. Kh4 Rh2+ 49. Kg3 Rg2+ 50. Kh4 g5# 0-1

[Event "23. OSREDNJA SLOVENSKA LIGA 2022"]
[Site "gostovanja"]
[Date "2022.11.17"]
[Round "9.4"]
[White "Ojstersek, Peter"]
[Black "Konvalinka, Kostja"]
[Result "1-0"]
[WhiteElo "1605"]
[BlackElo "1672"]
[PlyCount "149"]
[EventDate "2022.11.17"]
[WhiteTeam "SK KOMENDA POPOTNIK"]
[BlackTeam "SK TRZIN PEKOS PUB"]

1. d4 Nf6 2. c4 e6 3. Nc3 d5 4. Bg5 Nbd7 5. e3 Be7 6. Nf3 h6 7. Bxf6 Nxf6 8.
cxd5 exd5 9. Qc2 c6 10. Bd3 O-O 11. Ne5 Re8 12. h3 Bd6 13. Nf3 Qe7 14. O-O Bd7
15. Rfe1 Bb4 16. a3 Bxc3 17. Qxc3 Ne4 18. Bxe4 Qxe4 19. Nd2 Qg6 20. Kh1 Bf5 21.
b4 Qe6 22. a4 a6 23. Kh2 Qd6+ 24. Kh1 Qe6 25. Nf1 Qd7 26. Ng3 Re7 27. Nxf5 Qxf5
28. Qd2 Ree8 29. Rab1 Qd7 30. b5 axb5 31. axb5 Ra4 32. bxc6 bxc6 33. Rec1 Rea8
34. Kg1 Qe8 35. Rb6 Ra1 36. Qc3 Rxc1+ 37. Qxc1 Rc8 38. Qc5 Qd7 39. Kf1 g6 40.
Ra6 Kg7 41. Ra7 Rc7 42. Ra8 Rc8 43. Rxc8 Qxc8 44. Qe7 Qe6 45. Qxe6 fxe6 46. Ke2
Kf6 47. Kd3 e5 48. Kc3 Ke6 49. f3 g5 50. g4 Kd6 51. Kb4 exd4 52. exd4 c5+ 53.
Kc3 c4 54. Kb4 Kc6 55. Ka4 c3 56. Kb3 Kb5 57. Kxc3 Ka4 58. Kd3 Kb3 59. f4 gxf4
60. h4 f3 61. g5 f2 62. Ke2 hxg5 63. hxg5 Kc3 64. g6 Kxd4 65. g7 Kc3 66. g8=Q
d4 67. Qg3+ Kc2 68. Qd3+ Kc1 69. Kxf2 Kb2 70. Qxd4+ Kc2 71. Qe3 Kd1 72. Qe2+
Kc1 73. Qa2 Kd1 74. Ke3 Ke1 75. Qe2# 1-0

[Event "23. OSREDNJA SLOVENSKA LIGA 2022"]
[Site "gostovanja"]
[Date "2022.11.17"]
[Round "9.1"]
[White "Markun, Ozbej"]
[Black "Baric, Dusan"]
[Result "0-1"]
[WhiteElo "1986"]
[BlackElo "2011"]
[PlyCount "70"]
[EventDate "2022.11.17"]
[WhiteTeam "SS TOMO ZUPAN KRANJ"]
[BlackTeam "SK VISNJA GORA - STICNA"]

1. e4 c5 2. Nf3 d6 3. d4 cxd4 4. Nxd4 Nf6 5. Nc3 g6 6. Be3 Bg7 7. f3 O-O 8. Qd2
Nc6 9. Bc4 Bd7 10. h4 h5 11. O-O-O Rc8 12. Bb3 Ne5 13. Bg5 Rc5 14. f4 Nc4 15.
Bxc4 Rxc4 16. e5 Nh7 17. Qd3 Rc8 18. e6 fxe6 19. Qxg6 Qe8 20. Qd3 e5 21. Nde2
Qf7 22. fxe5 Bxe5 23. Bh6 Bf5 24. Qe3 Rfe8 25. Kb1 b5 26. Rd2 b4 27. Nd5 Rxc2
28. Rxc2 Qxd5 29. Rf1 Bxc2+ 30. Kxc2 Qxa2 31. Qf3 Qxb2+ 32. Kd1 Nf6 33. Qf5
Qb3+ 34. Ke1 Qf7 35. Qg5+ Kh7 0-1

[Event "23. OSREDNJA SLOVENSKA LIGA 2022"]
[Site "gostovanja"]
[Date "2022.11.17"]
[Round "9.2"]
[White "Kirasic, Branko"]
[Black "Bobnar, Samo"]
[Result "0-1"]
[WhiteElo "1938"]
[BlackElo "1760"]
[PlyCount "72"]
[EventDate "2022.11.17"]
[WhiteTeam "SK VISNJA GORA - STICNA"]
[BlackTeam "SS TOMO ZUPAN KRANJ"]

1. e4 d5 2. exd5 Nf6 3. d4 Bg4 4. f3 Bf5 5. c4 e6 6. dxe6 Nc6 7. Be3 Nb4 8. Na3
fxe6 9. g4 Bg6 10. h4 h6 11. Nh3 Qd7 12. Nf4 Bf7 13. Nc2 O-O-O 14. a3 Nc6 15.
Nd3 Bd6 16. f4 h5 17. Be2 Ne4 18. Bf3 Ng3 19. Rh3 hxg4 20. Bxg4 Nf5 21. Bxf5
exf5 22. b3 Bh5 23. Qd2 Bg4 24. Rh2 Be7 25. Qf2 Bf6 26. Ne5 Bxe5 27. fxe5 Nxe5
28. Kd2 Nf3+ 29. Kc3 Nxh2 30. Qxh2 Qe7 31. Bf2 g5 32. Re1 Qf6 33. Nb4 Rxh4 34.
Qg1 Rh3+ 35. Kb2 c6 36. Re3 Qxd4+ 0-1

[Event "23. OSREDNJA SLOVENSKA LIGA 2022"]
[Site "gostovanja"]
[Date "2022.11.17"]
[Round "9.3"]
[White "Smirnov, Maksim"]
[Black "Jancigaj, Saso Valentin"]
[Result "0-1"]
[WhiteElo "1293"]
[BlackElo "1706"]
[PlyCount "49"]
[EventDate "2022.11.17"]
[WhiteTeam "SS TOMO ZUPAN KRANJ"]
[BlackTeam "SK VISNJA GORA - STICNA"]

1. d4 f5 2. Bf4 Nf6 3. c4 e6 4. Nc3 d5 5. e3 c6 6. Nf3 Bd6 7. Bxd6 Qxd6 8. Bd3
O-O 9. c5 Qc7 10. O-O Nbd7 11. b4 Ne4 12. Qc2 Rf6 13. b5 Rh6 14. g3 g5 15. Rfe1
Nxc3 16. Bxf5 Ne4 17. Bxe4 dxe4 18. Qxe4 Nf6 19. Qe5 Qxe5 20. Nxe5 cxb5 21.
Rab1 a6 22. e4 Nxe4 23. Rbc1 Nf6 24. c6 bxc6 25. Nxc6 $8 {nejasno (45)} 0-1

[Event "23. OSREDNJA SLOVENSKA LIGA 2022"]
[Site "gostovanja"]
[Date "2022.11.17"]
[Round "9.4"]
[White "Kamensek, Ivan"]
[Black "Demsar, Maks"]
[Result "0-1"]
[WhiteElo "1729"]
[BlackElo "1229"]
[PlyCount "70"]
[EventDate "2022.11.17"]
[WhiteTeam "SK VISNJA GORA - STICNA"]
[BlackTeam "SS TOMO ZUPAN KRANJ"]

1. d4 Nf6 2. c4 g6 3. Nc3 d5 4. Bg5 c6 5. Nf3 Bg7 6. e3 Qa5 7. Bxf6 Bxf6 8.
cxd5 cxd5 9. Bb5+ Bd7 10. Qa4 Qxa4 11. Bxa4 Bxa4 12. Nxa4 Nd7 13. Rc1 O-O 14.
Ke2 Rfc8 15. b4 e6 16. Rhd1 Be7 17. Nc5 Nb6 18. Nd3 Nc4 19. Rc3 a5 20. b5 Nd6
21. Rxc8+ Rxc8 22. a4 Ne4 23. Ra1 Rc4 24. Nfe5 Nc3+ 25. Kd2 Rxa4 26. Rxa4 Nxa4
27. Nd7 Bd8 28. N7c5 Nxc5 29. dxc5 Kf8 30. b6 Ke7 31. Kc3 f6 32. Kb3 Kd7 33.
Ka4 Kc6 34. Kxa5 Be7 35. Kb4 e5 0-1

[Event "23. OSREDNJA SLOVENSKA LIGA 2022"]
[Site "gostovanja"]
[Date "2022.11.17"]
[Round "9.1"]
[White "Plaskan, Jure"]
[Black "Olenik Campa, Rudi"]
[Result "0-1"]
[WhiteElo "2217"]
[BlackElo "2151"]
[PlyCount "134"]
[EventDate "2022.11.17"]
[WhiteTeam "SD DOMZALE"]
[BlackTeam "SK LJUBLJANA"]

1. d4 Nf6 2. Nf3 g6 3. g3 Bg7 4. Bg2 O-O 5. O-O d6 6. c4 Nc6 7. Nc3 e5 8. dxe5
dxe5 9. Bg5 Be6 10. Qc1 Qc8 11. Rd1 Nd7 12. Nd5 e4 13. Ne1 f5 14. Bh6 Bxh6 15.
Qxh6 Bxd5 16. cxd5 Nce5 17. Nc2 Nf6 18. Qf4 Nf7 19. Rac1 Qd7 20. Ne3 Rac8 21.
g4 Nxg4 22. Nxg4 fxg4 23. Qxe4 Rce8 24. Qc4 Re7 25. Rd4 Nd6 26. Qc2 Ref7 27.
Rf1 a6 28. Rd2 Qe7 29. e4 Qg5 30. Re2 Re7 31. Qc1 Qe5 32. Qc3 Nf7 33. f4 gxf3
34. Qxf3 Rfe8 35. Qb3 Nd6 36. Kh1 Rf8 37. Rxf8+ Kxf8 38. Qh3 Kg7 39. Qg4 h5 40.
Qh4 Nc4 41. Bh3 Rf7 42. Be6 Rf6 43. Qg3 Rf4 44. Qc3 Qxc3 45. bxc3 Kf6 46. Bc8
Ke5 47. Bxb7 a5 48. Ba6 Nd6 49. Rg2 Rg4 50. Rxg4 hxg4 51. c4 Nxe4 52. Kg2 Nc3
53. Bb7 Nxa2 54. c5 Nb4 55. d6 cxd6 56. cxd6 Kxd6 57. Be4 Ke5 58. Bxg6 Kf4 59.
Be8 Nd5 60. h4 Ne3+ 61. Kf2 g3+ 62. Ke2 Ng4 63. Kf1 Nf6 64. Bc6 Kg4 65. Ke2
Kxh4 66. Kd3 Ng4 67. Kc3 Ne3 {nejasno (71)} 0-1

[Event "23. OSREDNJA SLOVENSKA LIGA 2022"]
[Site "gostovanja"]
[Date "2022.11.17"]
[Round "9.2"]
[White "Marinko, Peter"]
[Black "Osolin, Bogdan"]
[Result "1-0"]
[WhiteElo "2035"]
[BlackElo "1974"]
[PlyCount "75"]
[EventDate "2022.11.17"]
[WhiteTeam "SK LJUBLJANA"]
[BlackTeam "SD DOMZALE"]

1. d4 Nf6 2. c4 e5 3. dxe5 Ng4 4. Nf3 Nc6 5. e3 Ngxe5 6. Be2 Bb4+ 7. Nbd2 a5 8.
O-O a4 9. a3 Be7 10. Ne4 d6 11. Nc3 Nxf3+ 12. gxf3 Bh3 13. Re1 Bh4 14. Bf1 Qg5+
15. Kh1 Bxf1 16. Rxf1 Qc5 17. Rg1 Bf6 18. Nd5 Ne5 19. Nxf6+ gxf6 20. Bd2 Nxc4
21. Bc3 Ne5 22. Rc1 Qb6 23. Bxe5 fxe5 24. Rg4 c5 25. Rxa4 Ke7 26. Rh4 Rad8 27.
Rh6 Qb5 28. Qc2 Rhg8 29. Qf5 Qe2 30. Qf6+ Ke8 31. Rxh7 Rd7 32. Rg1 Rxg1+ 33.
Kxg1 Qd1+ 34. Kg2 Re7 35. Qf5 Rd7 36. Rh8+ Ke7 37. Qg5+ Ke6 38. e4 1-0

[Event "23. OSREDNJA SLOVENSKA LIGA 2022"]
[Site "gostovanja"]
[Date "2022.11.17"]
[Round "9.3"]
[White "Markosek, Bine"]
[Black "Sfiligoj, Anze"]
[Result "1/2-1/2"]
[WhiteElo "1641"]
[BlackElo "1716"]
[PlyCount "115"]
[EventDate "2022.11.17"]
[WhiteTeam "SD DOMZALE"]
[BlackTeam "SK LJUBLJANA"]

1. e4 e5 2. Nf3 Nc6 3. Bb5 a6 4. Ba4 Nf6 5. O-O b5 6. Bb3 d6 7. h3 Be7 8. Re1
Be6 9. Bxe6 fxe6 10. d4 exd4 11. Nxd4 Nxd4 12. Qxd4 c5 13. Qd3 O-O 14. Qe2 Nd7
15. Qg4 Rf6 16. Nc3 b4 17. Nd1 Rg6 18. Qe2 Bf6 19. Bf4 Qf8 20. Bg3 Bd4 21. c3
bxc3 22. bxc3 Be5 23. Kh2 Qf6 24. Bxe5 Qxe5+ 25. g3 Rf8 26. Qe3 c4 27. f4 Qh5
28. Qe2 Qc5 29. Ne3 d5 30. Rad1 Nf6 31. exd5 exd5 32. Nf5 Re8 33. Qf3 Ne4 34.
Rb1 Qc8 35. g4 Qd7 36. Ng3 Rge6 37. Nxe4 Rxe4 38. Rxe4 dxe4 39. Qe3 Qd3 40. Re1
Rb8 41. Kg3 Rb2 42. Kh4 Rc2 43. Qxe4 Qxe4 44. Rxe4 Rxc3 45. Kg5 Kf7 46. a4 g6
47. f5 gxf5 48. Kxf5 Rc1 49. Re3 Ra1 50. Ke4 Rxa4 51. Kd4 Rb4 52. Ra3 Rb3 53.
Rxa6 Rxh3 54. Kxc4 Rh4 55. Kd3 Rxg4 56. Ke3 h5 57. Kf3 Rg8 58. Rb6 1/2-1/2

[Event "23. OSREDNJA SLOVENSKA LIGA 2022"]
[Site "gostovanja"]
[Date "2022.11.17"]
[Round "9.4"]
[White "Babic, Miroslav"]
[Black "Zmaucar, Miha"]
[Result "1/2-1/2"]
[WhiteElo "1662"]
[BlackElo "1465"]
[PlyCount "114"]
[EventDate "2022.11.17"]
[WhiteTeam "SK LJUBLJANA"]
[BlackTeam "SD DOMZALE"]

1. e4 c5 2. f4 d5 3. exd5 Qxd5 4. Qf3 Nf6 5. Nc3 Qxf3 6. Nxf3 Bf5 7. Bb5+ Nbd7
8. d3 a6 9. Bxd7+ Bxd7 10. O-O e6 11. Ne5 Bd6 12. Nxd7 Kxd7 13. Ne4 Nd5 14. a3
b5 15. Nxd6 Kxd6 16. c4 Nb6 17. b3 Rad8 18. Be3 Kc6 19. Rfd1 Rd7 20. Rd2 Rhd8
21. Rad1 a5 22. Kf2 a4 23. cxb5+ Kxb5 24. bxa4+ Nxa4 25. Rb1+ Ka5 26. Rb3 c4
27. Rb4 c3 28. Rc2 Rxd3 29. Ke2 R3d5 30. Rc4 Rb8 31. Bd4 Rb2 32. Bxc3+ Nxc3+
33. R4xc3 Rxc2+ 34. Rxc2 Ka4 35. Rc3 g5 36. Ke3 gxf4+ 37. Kxf4 Rf5+ 38. Ke4 Rf2
39. Rg3 h5 40. h4 f6 41. Rf3 Re2+ 42. Kd3 Rxg2 43. Rxf6 Rg4 44. Rxe6 Rxh4 45.
Ra6+ Kb5 46. Ra8 Kb6 47. Ke3 Kb7 48. Ra5 Kb6 49. Rg5 Rh3+ 50. Kf2 Kc6 51. a4
Ra3 52. a5 h4 53. a6 h3 54. Rh5 Kb6 55. Rh6+ Ka7 56. Kg1 Ra1+ 57. Kh2 Ka8
1/2-1/2

[Event "23. OSREDNJA SLOVENSKA LIGA 2022"]
[Site "gostovanja"]
[Date "2022.11.17"]
[Round "9.1"]
[White "Hribar, Janez"]
[Black "Sedlar, Tomo"]
[Result "1-0"]
[WhiteElo "1897"]
[BlackElo "1831"]
[PlyCount "43"]
[EventDate "2022.11.17"]
[WhiteTeam "SD CRNI GRABEN"]
[BlackTeam "SD MENGES-TRZIN 1"]

1. d4 d5 2. Bf4 Nf6 3. Nf3 Bf5 4. e3 e6 5. Nbd2 Bd6 6. Ne5 O-O 7. Be2 Nbd7 8.
c3 Ne4 9. g4 Bxe5 10. dxe5 Bg6 11. h4 Nxd2 12. Qxd2 f6 13. h5 Bf7 14. exf6 Nxf6
15. f3 c5 16. h6 Nd7 17. hxg7 Re8 18. Bd3 Bg6 19. Bxg6 hxg6 20. Qh2 Nf6 21. Be5
Kf7 22. Qh4 1-0

[Event "23. OSREDNJA SLOVENSKA LIGA 2022"]
[Site "gostovanja"]
[Date "2022.11.17"]
[Round "9.2"]
[White "Veskovic, Dzemal"]
[Black "Skok, Boris"]
[Result "0-1"]
[WhiteElo "1860"]
[BlackElo "1897"]
[PlyCount "128"]
[EventDate "2022.11.17"]
[WhiteTeam "SD MENGES-TRZIN 1"]
[BlackTeam "SD CRNI GRABEN"]

1. e4 c5 2. Nc3 e6 3. Nf3 a6 4. a3 Qc7 5. d4 cxd4 6. Nxd4 b5 7. Be2 Bb7 8. Bf3
Nc6 9. Nxc6 dxc6 10. O-O Ne7 11. Qe2 Ng6 12. g3 c5 13. Bg2 b4 14. axb4 cxb4 15.
Na4 Ne5 16. f4 Nd7 17. Be3 Bc6 18. Qf2 Qb7 19. e5 Rc8 20. c3 Be7 21. Rad1 Bxg2
22. Qxg2 Qb5 23. Rxd7 Qxd7 24. Nb6 Qc6 25. Nxc8 Qxc8 26. Bd4 O-O 27. Qe4 Qc4
28. f5 exf5 29. Qxf5 Bc5 30. Qf4 bxc3 31. bxc3 Qxc3 32. Bxc5 Qxc5+ 33. Rf2 Qd5
34. Rd2 Qc5+ 35. Kg2 h6 36. h4 Re8 37. Re2 Qd5+ 38. Kh2 a5 39. Qf5 a4 40. Qc2
Ra8 41. Qa2 Qxa2 42. Rxa2 Kf8 43. Kg2 Ke7 44. Kf3 Ke6 45. Ke4 a3 46. Kd4 Ra4+
47. Kc3 Kxe5 48. Kb3 Ra7 49. Re2+ Kf5 50. Ka2 Kg4 51. Re3 f5 52. Rc3 Ra6 53.
Rd3 g5 54. hxg5 hxg5 55. Rc3 f4 56. gxf4 gxf4 57. Rc8 f3 58. Rg8+ Kf4 59. Rf8+
Ke3 60. Re8+ Kd2 61. Rf8 Ke2 62. Re8+ Kf1 63. Rf8 f2 64. Rf7 Re6 0-1

[Event "23. OSREDNJA SLOVENSKA LIGA 2022"]
[Site "gostovanja"]
[Date "2022.11.17"]
[Round "9.3"]
[White "Majcen, Zoran"]
[Black "Simicak, Metod"]
[Result "1-0"]
[WhiteElo "1816"]
[BlackElo "1706"]
[PlyCount "53"]
[EventDate "2022.11.17"]
[WhiteTeam "SD CRNI GRABEN"]
[BlackTeam "SD MENGES-TRZIN 1"]

1. e4 e5 2. d4 exd4 3. Qxd4 Nc6 4. Qe3 b6 5. Bd2 Bb7 6. Nc3 Ne5 7. Qg3 Qe7 8.
O-O-O O-O-O 9. Nd5 Qe6 10. Bc3 d6 11. Ne2 c6 12. Nef4 Qg4 13. Ne3 Qxg3 14. hxg3
Nf6 15. f3 h5 16. Nc4 Nxc4 17. Bxc4 d5 18. Bxf6 gxf6 19. exd5 cxd5 20. Bxd5
Bxd5 21. Rxd5 Bd6 22. Rhd1 Kc7 23. Nxh5 Rh6 24. Ng7 Be7 25. Rxd8 Bxd8 26. Ne8+
Kc8 27. Nd6+ 1-0

[Event "23. OSREDNJA SLOVENSKA LIGA 2022"]
[Site "gostovanja"]
[Date "2022.11.17"]
[Round "9.4"]
[White "Grasic, Marjan"]
[Black "Vidergar, Milan"]
[Result "0-1"]
[WhiteElo "1696"]
[BlackElo "1503"]
[PlyCount "36"]
[EventDate "2022.11.17"]
[WhiteTeam "SD MENGES-TRZIN 1"]
[BlackTeam "SD CRNI GRABEN"]

1. e4 d6 2. d4 g6 3. Nf3 Bg7 4. Be2 e6 5. O-O Ne7 6. Bg5 f6 7. Bh4 O-O 8. Nbd2
g5 9. Bg3 Ng6 10. h3 Bd7 11. Nh2 f5 12. exf5 exf5 13. f4 Bxd4+ 14. Kh1 Be3 15.
fxg5 Qxg5 16. Be1 Nf4 17. Bf3 Bc6 18. Nc4 Qxg2+ 0-1